00253nam a2200097Ia 4500008004100000020001800041100001800059245003900077260002500116300001400141171205s9999 xx 000 0 und d a9789718342442 aGraham, Jack. cJack GrahamaAre you Fit for Life? bCrossway Booksc2007 a170 pages